Southville International School and Colleges
Your cart is empty.
  • Cart
  • Lists
    Public lists Eva Luna New books Lux_list list_1
    Your lists Log in to create your own lists
  • Log in to your account
  • Your cookies
  • Search history
Southville International School and Colleges
  • Advanced search
  • Recent comments
  • Most popular
  • Libraries

Log in to your account

Log in with GOOGLE


If you do not have an external account, but do have a local account, you can still log in:

  1. Home
  2. MARC view: Creative strategy in advertising /
Normal view MARC view ISBD view

Creative strategy in advertising / (Record no. 276783)

[ view plain ]
MARC details
000 -LEADER
fixed length control field 02037cam a2200313Ia 4500
001 - CONTROL NUMBER
control field SSB063416
003 - CONTROL NUMBER IDENTIFIER
control field OCoLC
005 - DATE AND TIME OF LATEST TRANSACTION
control field 20141111135105.0
008 - FIXED-LENGTH DATA ELEMENTS--GENERAL INFORMATION
fixed length control field 070711s2014 caua e 001 0 eng
020 ## - INTERNATIONAL STANDARD BOOK NUMBER
International Standard Book Number 9781133307266 (pbk)
035 ## - SYSTEM CONTROL NUMBER
System control number .b71960351
040 ## - CATALOGING SOURCE
Original cataloging agency AU@
Language of cataloging eng
Transcribing agency AU@
Modifying agency OCLCO
-- OSU
-- UtOrBLW
049 ## - LOCAL HOLDINGS (OCLC)
Holding library OSUU
050 ## - LIBRARY OF CONGRESS CALL NUMBER
Classification number HF 5825
Item number .D82 2014
100 1# - MAIN ENTRY--PERSONAL NAME
Personal name Drewniany, Bonnie L.
245 10 - TITLE STATEMENT
Title Creative strategy in advertising /
Statement of responsibility, etc Bonnie L. Drewniany and A. Jerome Jewler.
250 ## - EDITION STATEMENT
Edition statement Eleventh edition.
260 ## - PUBLICATION, DISTRIBUTION, ETC. (IMPRINT)
Place of publication, distribution, etc Belmont, Calif. :
Name of publisher, distributor, etc Wadsworth,
Date of publication, distribution, etc c2014.
300 ## - PHYSICAL DESCRIPTION
Extent xviii, 314 pages :
Other physical details illustration ;
Dimensions 26 cm.
500 ## - GENERAL NOTE
General note Previous ed.: 2008.
504 ## - BIBLIOGRAPHY, ETC. NOTE
Bibliography, etc Includes bibliographical references and index.
505 1# - FORMATTED CONTENTS NOTE
Formatted contents note 1. Creativity : unexpected but relevant selling messages -- 2. Branding : indentity and image strategy -- 3.Diversity : targeting an ever-changing marketplace -- 4. Fact finding : the basis for effective creative work -- 5. Strategy : a road map for the creative team -- 6. Ideas : the currency of the 21st century -- 7. Words on paper : connecting to consumers' hearts and minds -- 8. Layouts : designing to communicate -- 9. Radio : can you see what I'm saying? -- 10. Television : the power of sight, sound, and motion -- 11. Direct marketing : the convenience of shopping at home -- 12. The internet : the ultimate direct -- 13. Integrated marketing and communications : building strong relationships between the brand and the customer -- 14. Client pitches : how to sell your ideas.
520 ## - SUMMARY, ETC.
Summary, etc This book provides everything students need to be successful as advertising professionals in today's fast-changing media environment. Focusing on the idea that good advertising always starts with an understanding of people and an awareness of their needs, the text moves through the creative process step by step.
521 ## - TARGET AUDIENCE NOTE
Target audience note Media Arts
650 #0 - SUBJECT ADDED ENTRY--TOPICAL TERM
Topical term or geographic name as entry element Advertising copy.
650 #0 - SUBJECT ADDED ENTRY--TOPICAL TERM
Topical term or geographic name as entry element Advertising layout and typography.
700 1# - ADDED ENTRY--PERSONAL NAME
Personal name Jewler, A. Jerome.
942 ## - ADDED ENTRY ELEMENTS (KOHA)
Source of classification or shelving scheme Library of Congress Classification
Koha item type Books
Call number prefix Foreign
Holdings
Withdrawn status Lost status Damaged status Home library Current library Shelving location Date acquired Total Checkouts Full call number Barcode Date last seen Date checked out Price effective from Koha item type Source of classification or shelving scheme Source of acquisition Sub Shelving location
      College Library College Library Reserve Section 03/21/2014 1 HF 5825 .D82 2014 C17861 05/15/2018 11/25/2015 03/21/2014 Books      
      College Library College Library Reserve Section 11/11/2014 1 HF 5825 .D82 2014 C18903 05/15/2018 11/25/2015 11/11/2014 Books Library of Congress Classification Library Fund  

Creative strategy in advertising /

APA

Drewniany B. L., Jewler A. J., . (2014). Creative strategy in advertising. Belmont, Calif: Wadsworth.

Chicago

Drewniany Bonnie L, Jewler A Jerome, . 2014. Creative strategy in advertising. Belmont, Calif: Wadsworth.

Harvard

Drewniany B. L., Jewler A. J., . (2014). Creative strategy in advertising. Belmont, Calif: Wadsworth.

MLA

Drewniany Bonnie L, Jewler A Jerome, . Creative strategy in advertising. Belmont, Calif: Wadsworth. 2014.

  • Place hold
  • Print
  • Cite
  • Add to your cart (remove)
  • Save record
    BIBTEX Dublin Core MARCXML MARC (non-Unicode/MARC-8) MARC (Unicode/UTF-8) MARC (Unicode/UTF-8, Standard) MODS (XML) RIS
  • More searches
    Search for this title in:
    Other Libraries (WorldCat) Other Databases (Google Scholar) Online Stores (Bookfinder.com) Open Library (openlibrary.org)

Exporting to Dublin Core...

SOUTHVILLE LIBRARY

Southville International School and Colleges Library

1281 Tropical Ave. Cor. Luxembourg St., BF Homes International, Las Pinas City

Tel. No. 8256374 / 252358 Loc. 117/146

Powered by Koha